Metal Surface Treatment with Particle Fluxes Taking into Account the Internal Boundary; Key Engineering Materials; Vol. 685 : High Technology: Research and Applications 2015 (HTRA 2015)

Detalles Bibliográficos
Parent link:Key Engineering Materials: Scientific Journal
Vol. 685 : High Technology: Research and Applications 2015 (HTRA 2015).— 2016.— [P. 413-416]
Autor Principal: Parfenova E. S. Elena Sergeevna
Autor Corporativo: Национальный исследовательский Томский политехнический университет (ТПУ) Институт физики высоких технологий (ИФВТ) Кафедра физики высоких технологий в машиностроении (ФВТМ)
Outros autores: Knyazeva A. G. Anna Georgievna
Summary:Title screen
In this paper, the isothermal model of the initial stage of ion implantation process taking into account internal boundary is presented. It is assumed that implantable impurity generates mechanical perturbations. These waves can propagate with different velocities before and after the border. The examples of the waveform evolution at transition across the boundary for different combinations of the model parameters are presented.
Режим доступа: по договору с организацией-держателем ресурса
Idioma:inglés
Publicado: 2016
Series:Mechanical Engineering Technology
Subjects:
Acceso en liña:http://dx.doi.org/10.4028/www.scientific.net/KEM.685.413
Formato: MixedMaterials Electrónico Capítulo de libro
KOHA link:https://koha.lib.tpu.ru/cgi-bin/koha/opac-detail.pl?biblionumber=646453

MARC

LEADER 00000nla2a2200000 4500
001 646453
005 20240215134510.0
035 |a (RuTPU)RU\TPU\network\11589 
035 |a RU\TPU\network\11574 
090 |a 646453 
100 |a 20160301a2016 k y0engy50 ba 
101 0 |a eng 
105 |a y z 100zy 
135 |a drcn ---uucaa 
181 0 |a i  
182 0 |a b 
200 1 |a Metal Surface Treatment with Particle Fluxes Taking into Account the Internal Boundary  |f E. S. Parfenova, A. G. Knyazeva 
203 |a Text  |c electronic 
225 1 |a Mechanical Engineering Technology 
300 |a Title screen 
330 |a In this paper, the isothermal model of the initial stage of ion implantation process taking into account internal boundary is presented. It is assumed that implantable impurity generates mechanical perturbations. These waves can propagate with different velocities before and after the border. The examples of the waveform evolution at transition across the boundary for different combinations of the model parameters are presented. 
333 |a Режим доступа: по договору с организацией-держателем ресурса 
461 0 |0 (RuTPU)RU\TPU\network\11477  |t Key Engineering Materials  |o Scientific Journal 
463 0 |0 (RuTPU)RU\TPU\network\11478  |t Vol. 685 : High Technology: Research and Applications 2015 (HTRA 2015)  |o The IV International Conference, April 21-24, 2015, Tomsk, Russia  |o [proceedings]  |f National Research Tomsk Polytechnic University (TPU) ; ed. N. V. Martyushev, A. M. Bogdan  |v [P. 413-416]  |d 2016 
610 1 |a электронный ресурс 
610 1 |a труды учёных ТПУ 
610 1 |a деформация 
610 1 |a внутренние границы 
610 1 |a ионная имплантация 
610 1 |a численные решения 
610 1 |a фазы 
610 1 |a поверхности 
610 1 |a металлы 
700 1 |a Parfenova  |b E. S.  |c Chemical Engineer  |c engineer of Tomsk Polytechnic University  |f 1989-  |g Elena Sergeevna  |3 (RuTPU)RU\TPU\pers\34500 
701 1 |a Knyazeva  |b A. G.  |c Russian physicist  |c Professor of Tomsk Polytechnic University, doctor of physico-mathematical Sciences  |f 1962-  |g Anna Georgievna  |3 (RuTPU)RU\TPU\pers\32712  |9 16597 
712 0 2 |a Национальный исследовательский Томский политехнический университет (ТПУ)  |b Институт физики высоких технологий (ИФВТ)  |b Кафедра физики высоких технологий в машиностроении (ФВТМ)  |3 (RuTPU)RU\TPU\col\18687 
801 2 |a RU  |b 63413507  |c 20160302  |g RCR 
856 4 |u http://dx.doi.org/10.4028/www.scientific.net/KEM.685.413 
942 |c CF